00426 2200169 4500001002100000008004100021035002000062245004100082100001800123260002400141300002200165020002200187084001400209082000800223650001000231990001500241INLIS000000000003236 ind  a0010-1225000057 aPerhatikan Celah PeroncSashi Kirana aKirana, Sashi aJakarta :bGramedia a269c12,5x19,5 cm a978-602-00-5895-0 a813 KIR p a813 aFiksi a19711/B/26